| 000 | 00621nam a2200193 a 4500 | ||
|---|---|---|---|
| 001 | BRCA_1360 | ||
| 005 | 20190320203406.0 | ||
| 008 | 840727t2006----mx-a---###---#001-0#spa-# | ||
| 020 | _a9681209699 | ||
| 050 | 4 |
_aF1226 _b.H57 2006 |
|
| 245 | 1 | 0 |
_aHistoria general de México _bversión 2000 |
| 260 |
_aMéxico _bEl Colegio de México _c2006 |
||
| 300 |
_a1103 p. _bil., mapas _c23 cm. |
||
| 500 | _aObra preparada por el Centro de Estudios Históricos | ||
| 500 | _aIncluye índice onomástico | ||
| 651 | 4 |
_aMéxico _xHistoria _9614 |
|
| 710 | 2 |
_aColegio de México _bCentro de Estudios Históricos _94452 |
|
| 942 |
_2lcc _cB |
||
| 999 |
_c1222 _d1222 |
||